Trouvez le nom de l'acteur - Série 03 - Statistiques

Statistiques générales
  • Ce quiz a été pris 66 fois
  • Le résultat moyen est 4 sur 10
Statistiques - réponses
Films Acteur % Correct
Profs - L'union sacrée - La maison assassinée Patrick Bruel
89%
Les Lyonnais - Les spécialistes - Marche à l'ombre Gérard Lanvin
79%
La soupe aux choux - Dupont Lajoie - Germinal Jean Carmet
63%
L'année des méduses - Le ruffian - Les spécialistes Bernard Giraudeau
56%
Un homme et une femme - Ma nuit chez Maud - Le grand pardon Jean Louis Trintignant
39%
Le grand chemin - Le grand pardon - Une époque formidable Richard Bohringer
39%
Austerlitz - Les mystères de Paris - Le téléphone rose Pierre Mondy
16%
Le hussard sur le toit - Radio corbeau - Mélo Pierre Arditi
6%
Les galettes de Pont Aven - French connection - Rive droite, rive gauche Bernard Fresson
5%
Baisers volés - Domicile conjugal - La peau douce Daniel Ceccaldi
0%
Aucun quiz correspondant
Distribution des résultats
% des personnes avec chaque résultat
Percentile par nombre de réponses
Votre historique - résultats
Vous n’avez pas pris ce quiz